000 00348nam a2200145Ia 4500
008 150301s2014 xx 000 0 und d
082 _a610
_bM14S
100 _aSHARTRY, B.A.
245 _aMANIPAL MANUAL OF CLINICAL MEDICINE
250 _a2ND
260 _bCBS
_aINDIA
_c2014
300 _a372
650 _aGENERAL MEDICINE
942 _2ddc
_cBK
_028
999 _c6603
_d6603